000 00438nam a2200157 4500
005 20260420115708.0
020 _a9783031834592
082 _a591.5
_bERB.E.2
084 _2Colon Classification
100 _aErbe, Christine
_913418
245 _aExploring animal behaviour through sound:
_bVolume 2 applications
260 _aSwitzerland:
_bSpringer;
_c2025.
300 _a581p.
700 _aJeanette A Thomas
_913419
942 _2ddc
_cBK
999 _c758756
_d758756